[Event "Interclubs Adultes"]
[Site "?"]
[Date "2004.02.01"]
[Round "5.6"]
[White "Martin, Denis"]
[Black "Berthelot, Pascal"]
[Result "1-0"]
[WhiteElo "1499"]
[BlackElo "1660"]
[PlyCount "69"]
[EventDate "2004.??.??"]

1. e4 e5 2. Nf3 d6 3. d4 exd4 4. Nxd4 Nf6 5. Nc3 Be7 6. Bc4 O-O 7. O-O a6 8.
Qd3 b5 9. Bd5 Ra7 10. a3 Bd7 11. Be3 c5 12. Nde2 Nc6 13. Bxc6 Bxc6 14. Nd5 Re8
15. Rad1 Rd7 16. Rfe1 Ng4 17. Bf4 Ne5 18. Qc3 Bf6 19. Nxf6+ Qxf6 20. Bxe5 Rxe5
21. Ng3 Qd8 22. f4 Re8 23. Nf5 f6 24. Ng3 Qe7 25. Qa5 Ra8 26. Qb6 Rc7 27. Nf5
Qe8 28. Qxc7 Bd7 29. Nxd6 Qe6 30. e5 fxe5 31. Rxe5 Qg4 32. Rde1 Qxf4 33. Qxd7
h6 34. Re8+ Rxe8 35. Rxe8+ 1-0

[Event "Interclubs Adultes"]
[Site "?"]
[Date "2004.02.01"]
[Round "5.7"]
[White "Mosticone, David"]
[Black "Tourette, Remi"]
[Result "1-0"]
[WhiteElo "1620"]
[BlackElo "1530"]
[PlyCount "99"]
[EventDate "2004.??.??"]

1. c4 e5 2. Nc3 Nf6 3. g3 c6 4. Bg2 d5 5. cxd5 Nxd5 6. Nxd5 cxd5 7. Qb3 e4 8.
d3 f5 9. Bf4 Nc6 10. a3 Na5 11. Qb5+ Nc6 12. Rd1 Qa5+ 13. Qxa5 Nxa5 14. b4 Nc6
15. dxe4 dxe4 16. f3 exf3 17. Nxf3 Be7 18. O-O O-O 19. Nd4 Nxd4 20. Rxd4 a5 21.
Bd6 Bxd6 22. Rxd6 Re8 23. Bf3 axb4 24. axb4 Ra6 25. Rd4 Rae6 26. Bd5 g6 27.
Bxe6+ Bxe6 28. Rfd1 Kf7 29. Kf2 b5 30. R1d2 h5 31. Rd8 Re7 32. Rb8 Bc4 33. e3
Re8 34. Rxe8 Kxe8 35. Kf3 Ke7 36. Kf4 Kf6 37. Rd6+ Kg7 38. Kg5 Bf7 39. Rb6 Be8
40. Rb7+ Kg8 41. Kf6 Kf8 42. Rh7 Kg8 43. Rg7+ Kf8 44. Rxg6 Bxg6 45. Kxg6 Ke7
46. Kxf5 Kd6 47. e4 Kc6 48. h3 Kd6 49. g4 hxg4 50. hxg4 1-0

[Event "Interclubs Adultes"]
[Site "?"]
[Date "2004.02.01"]
[Round "5.1"]
[White "Curto, Nicolas"]
[Black "Bislimi, Agron"]
[Result "1-0"]
[WhiteElo "2040"]
[BlackElo "2100"]
[PlyCount "59"]
[EventDate "2004.??.??"]

1. d4 Nf6 2. c4 g6 3. Nc3 Bg7 4. e4 d6 5. f4 O-O 6. Nf3 c5 7. d5 a6 8. a4 e6 9.
Be2 exd5 10. cxd5 Re8 11. Nd2 h5 12. O-O Ng4 13. Nf3 Bxc3 14. bxc3 Rxe4 15. Ng5
Re8 16. h3 Ne3 17. Bxe3 Rxe3 18. Bxh5 Bf5 19. Bg4 Bxg4 20. Qxg4 Nd7 21. f5 Nf6
22. Qh4 Nh5 23. f6 Qc8 24. Ne6 Nxf6 25. Rxf6 fxe6 26. Qh6 Rg3 27. dxe6 Qc6 28.
Rxg6+ Rxg6 29. Qxg6+ Kh8 30. Rf1 1-0

[Event "Interclubs Adultes"]
[Site "?"]
[Date "2004.02.01"]
[Round "5.2"]
[White "Marmey, Cedric"]
[Black "Nodon, Jeremi"]
[Result "1-0"]
[WhiteElo "1940"]
[BlackElo "1960"]
[PlyCount "103"]
[EventDate "2004.??.??"]

1. e4 e6 2. d4 d5 3. exd5 exd5 4. Bd3 Bd6 5. Nf3 Ne7 6. O-O O-O 7. c3 Bf5 8.
Bg5 f6 9. Be3 Qd7 10. Re1 Nbc6 11. Qc2 Rfe8 12. Nbd2 Bxd3 13. Qxd3 Qf5 14. Qxf5
Nxf5 15. a3 b5 16. b4 Re7 17. a4 bxa4 18. Rxa4 Rae8 19. Nf1 Bf4 20. Bxf4 Rxe1
21. Nxe1 Rxe1 22. b5 Nce7 23. Rxa7 Rb1 24. Rb7 Rb3 25. g4 Nh4 26. Bxc7 Nf3+ 27.
Kg2 Rxc3 28. Ba5 Nh4+ 29. Kg1 Nf3+ 30. Kh1 Ra3 31. Bb4 Ra1 32. Rxe7 Rxf1+ 33.
Kg2 Rb1 34. Bc5 Ne1+ 35. Kg3 Rb3+ 36. Re3 Nd3 37. b6 f5 38. gxf5 Kf7 39. b7 Kf6
40. b8=Q Rxb8 41. Rxd3 Kxf5 42. Re3 Rd8 43. Re7 Kf6 44. Ra7 Kg6 45. Ra6+ Kf5
46. Rd6 Rb8 47. Rxd5+ Ke4 48. Re5+ Kd3 49. Re7 Rg8 50. Rf7 h5 51. Rf8 Rxf8 52.
Bxf8 1-0

[Event "Interclubs Adultes"]
[Site "?"]
[Date "2004.02.01"]
[Round "5.3"]
[White "Uzel, Laurent"]
[Black "Pardon, Francois"]
[Result "1/2-1/2"]
[WhiteElo "1760"]
[BlackElo "1940"]
[PlyCount "39"]
[EventDate "2004.??.??"]

1. d4 d5 2. c4 e6 3. cxd5 exd5 4. Nc3 Nf6 5. Bg5 Nbd7 6. e3 Be7 7. Bd3 Nf8 8.
Qc2 Ne6 9. Bxf6 Bxf6 10. Nf3 g6 11. b4 a6 12. a4 c6 13. Qb3 O-O 14. O-O Ng7 15.
b5 Bf5 16. Bxf5 Nxf5 17. bxc6 bxc6 18. Rfc1 Qd7 19. Ne2 Rfc8 20. Qb6 1/2-1/2

[Event "Interclubs Adultes"]
[Site "?"]
[Date "2004.02.01"]
[Round "5.4"]
[White "Maillet, Patrice"]
[Black "Couquet, Cyril"]
[Result "1/2-1/2"]
[WhiteElo "1800"]
[BlackElo "1720"]
[PlyCount "141"]
[EventDate "2004.??.??"]

1. d4 d5 2. c4 e6 3. Nc3 Nf6 4. Bg5 Be7 5. Nf3 Nbd7 6. Qc2 a6 7. e3 dxc4 8.
Bxc4 b5 9. Be2 c5 10. dxc5 Nxc5 11. O-O Bb7 12. Rfd1 Qc7 13. Rac1 O-O 14. Bxf6
Bxf6 15. Nxb5 axb5 16. Qxc5 Qxc5 17. Rxc5 Rxa2 18. Rxb5 Ba6 19. Bc4 Ra4 20. b3
Bxb5 21. Bxb5 Ra1 22. Rxa1 Bxa1 23. g3 Bc3 24. Kg2 Rd8 25. h4 h6 26. Ng1 e5 27.
e4 Bd2 28. Bc4 g6 29. Nf3 Bc3 30. Nh2 Kg7 31. Ng4 f5 32. exf5 gxf5 33. Ne3 Kg6
34. Nd5 Bd4 35. b4 Re8 36. b5 e4 37. b6 Rb8 38. Ne7+ Kf6 39. Nc6 Rxb6 40. Nxd4
Rb4 41. Nxf5 Kxf5 42. Ba6 Rb2 43. Kf1 Kg4 44. Be2+ Kf5 45. Ba6 Ke5 46. Be2 Kd4
47. Bg4 e3 48. Be2 exf2 49. Kxf2 Ke4 50. Ke1 Ke3 51. Bh5 Rg2 52. Kd1 Rxg3 53.
Be8 Rh3 54. h5 Rh2 55. Bg6 Rf2 56. Ke1 Rh2 57. Kd1 Kd4 58. Kc1 Kc3 59. Kd1 Kb2
60. Be8 Rh4 61. Bg6 Rd4+ 62. Ke2 Kc3 63. Ke3 Rd7 64. Ke4 Rd1 65. Ke5 Kc4 66.
Kf6 Rd7 67. Bf5 Rd6+ 68. Kg7 Kd4 69. Bg6 Ke5 70. Kxh6 Kf4 71. Kg7 1/2-1/2

[Event "Interclubs Adultes"]
[Site "?"]
[Date "2004.02.01"]
[Round "5.5"]
[White "Tissot, Fabien"]
[Black "Erb, Yves"]
[Result "1-0"]
[WhiteElo "1750"]
[BlackElo "1760"]
[PlyCount "78"]
[EventDate "2004.??.??"]

1. d4 d5 2. c4 e6 3. Nc3 Nf6 4. Bg5 Nbd7 5. cxd5 exd5 6. e3 Be7 7. Bd3 b6 8.
Rc1 Bb7 9. Nf3 c5 10. O-O Ne4 11. Bxe7 Qxe7 12. Bb5 Nef6 13. dxc5 bxc5 14. b3
Rc8 15. Qe2 O-O 16. Rfd1 Rfd8 17. Ne1 Ne5 18. Nd3 a6 19. Ba4 Rc7 20. Nf4 d4 21.
Nb1 g5 22. exd4 Rxd4 23. Rxd4 cxd4 24. Rxc7 Qxc7 25. Nd3 Nxd3 26. Qxd3 Qc1+ 27.
Qf1 Qb2 28. Qe1 Qxa2 29. Nd2 Qc2 30. f3 d3 31. Nc4 Kg7 32. Qd2 Qxd2 33. Nxd2
Bd5 34. b4 Kg6 35. b5 axb5 36. Bxb5 Nh5 37. Bxd3+ Kg7 38. Nc4 Bxc4 39. Bxc4 Nf6
1-0

[Event "Interclubs Adultes"]
[Site "?"]
[Date "2004.02.01"]
[Round "5.6"]
[White "Bastion, Gilles"]
[Black "Abdou Issaka, Boubacar"]
[Result "0-1"]
[WhiteElo "1580"]
[BlackElo "1640"]
[PlyCount "100"]
[EventDate "2004.??.??"]

1. d4 Nf6 2. Nf3 g6 3. g3 Bg7 4. Bg2 O-O 5. O-O d5 6. Re1 Nc6 7. Nc3 Bf5 8. a3
Ne4 9. e3 Nxc3 10. bxc3 Na5 11. Nd2 e5 12. Rb1 b6 13. Qe2 Bxc2 14. Rb4 Re8 15.
Nf3 Be4 16. dxe5 Nc6 17. Rxe4 dxe4 18. Nd2 Nxe5 19. Bxe4 Rb8 20. c4 Qd7 21. Rd1
Qh3 22. Bg2 Qf5 23. Be4 Qf6 24. Bb2 Qe7 25. Bg2 Rbd8 26. Rc1 Nd3 27. Bxg7 Nxc1
28. Qe1 Nd3 29. Qa1 Ne5 30. Bh6 Rxd2 31. f4 Qc5 32. fxe5 Qxe5 33. Qe1 Red8 34.
Bd5 R8xd5 35. cxd5 Qxd5 36. e4 Rd1 37. exd5 Rxe1+ 38. Kf2 Re5 39. Bf4 Rxd5 40.
Bxc7 f5 41. Bb8 a6 42. h4 b5 43. Ke3 Kf7 44. Bf4 a5 45. Bc7 b4 46. axb4 axb4
47. Ba5 Rxa5 48. Kd3 Rc5 49. Kd2 b3 50. Kd1 b2 0-1

[Event "Interclubs Adultes"]
[Site "?"]
[Date "2004.02.01"]
[Round "5.7"]
[White "Parpillon, Georges"]
[Black "Del Guidice, Thomas"]
[Result "0-1"]
[WhiteElo "1630"]
[BlackElo "1630"]
[PlyCount "134"]
[EventDate "2004.??.??"]

1. e4 e5 2. Bc4 Nf6 3. Nc3 Bc5 4. d3 h6 5. h3 Nc6 6. a3 a6 7. Nf3 d6 8. O-O O-O
9. Ba2 Be6 10. Nd5 Nd4 11. c3 Nxf3+ 12. Qxf3 Nxd5 13. exd5 Bd7 14. Qg3 Qf6 15.
Kh1 Bf5 16. Bd2 Qg6 17. Bb1 Qxg3 18. fxg3 Bg6 19. Bc2 Bb6 20. Rf3 Rfe8 21. Re1
c6 22. dxc6 bxc6 23. Be3 e4 24. dxe4 Bxe4 25. Bxe4 Rxe4 26. Kg1 Bxe3+ 27. Rfxe3
Rxe3 28. Rxe3 Rb8 29. b4 Kf8 30. g4 Rb5 31. Re4 Re5 32. Rxe5 dxe5 33. Kf2 Ke7
34. Ke3 Ke6 35. Ke4 g6 36. c4 f5+ 37. Ke3 h5 38. g5 Kd6 39. a4 Kc7 40. c5 Kd7
41. Kd3 Ke6 42. Kc4 f4 43. b5 axb5+ 44. axb5 cxb5+ 45. Kxb5 Kd7 46. h4 e4 47.
Kc4 Kc6 48. Kd4 e3 49. Kd3 Kxc5 50. g3 fxg3 51. Kxe3 g2 52. Kf2 g1=Q+ 53. Kxg1
Kd4 54. Kg2 Ke4 55. Kg3 Ke3 56. Kg2 Kf4 57. Kh3 Kf3 58. Kh2 Kg4 59. Kg2 Kxh4
60. Kf3 Kxg5 61. Kg3 Kf5 62. Kh4 Kf4 63. Kh3 g5 64. Kh2 g4 65. Kg2 g3 66. Kf1
Kf3 67. Kg1 g2 0-1

[Event "Interclubs Adultes"]
[Site "?"]
[Date "2004.02.01"]
[Round "5.8"]
[White "Boutin, Bernard"]
[Black "Duhem, Michel"]
[Result "1-0"]
[WhiteElo "1499"]
[BlackElo "1620"]
[PlyCount "118"]
[EventDate "2004.??.??"]

1. e4 c5 2. Nf3 d6 3. Bc4 e6 4. Nc3 a6 5. a4 Nf6 6. d3 g6 7. O-O Bg7 8. Bg5 Nc6
9. Ne2 Qb6 10. Bb3 Na5 11. Nc3 Nxb3 12. cxb3 O-O 13. a5 Qc7 14. Bf4 Nh5 15. Be3
Bd7 16. Qd2 Bc6 17. Bh6 Rad8 18. Bxg7 Kxg7 19. Ne2 e5 20. Rac1 Qe7 21. Ng3 Nf6
22. Qg5 Kh8 23. h3 Ng8 24. Qe3 Rfe8 25. Nh2 d5 26. f3 d4 27. Qd2 Bb5 28. Ng4
Rc8 29. Kh1 Kg7 30. f4 h5 31. Nxe5 Qh4 32. Qf2 Nh6 33. Kg1 Qe7 34. Qd2 f6 35.
Nf3 Qe6 36. Rce1 Qxb3 37. f5 Qxd3 38. Qf4 Qb3 39. Rf2 Qf7 40. fxg6 Qxg6 41. Qh4
Rc6 42. Nxh5+ Kf7 43. Nf4 Qg7 44. Qh5+ Ke7 45. Nd5+ Kd8 46. Nh4 Re5 47. Nf5
Nxf5 48. Rxf5 Rce6 49. g4 Rxf5 50. Qxf5 Re5 51. Qf2 Re6 52. Qf4 Re5 53. Nxf6
Qg5 54. Qf2 Bc6 55. b4 d3 56. Rd1 Bxe4 57. Nxe4 Rxe4 58. Qf8+ Kd7 59. Rxd3+ Rd4
1-0

[Event "Interclubs Adultes"]
[Site "?"]
[Date "2004.02.01"]
[Round "5.1"]
[White "Andonov, Bogomil"]
[Black "Kiecken, Jean-Marc"]
[Result "1-0"]
[WhiteElo "2339"]
[BlackElo "2020"]
[PlyCount "79"]
[EventDate "2004.??.??"]

1. Nf3 f5 2. d4 Nf6 3. Bg5 g6 4. Nbd2 Bg7 5. e3 O-O 6. h3 d6 7. Bc4+ d5 8. Bb3
b6 9. c4 e6 10. cxd5 exd5 11. Rc1 Na6 12. Ne5 c5 13. dxc5 bxc5 14. Ndf3 c4 15.
Rxc4 Qa5+ 16. Rc3 Bb7 17. Bxf6 Bxf6 18. O-O Rad8 19. Qd4 Nc7 20. Qc5 Qxc5 21.
Rxc5 Ne6 22. Ra5 a6 23. Rd1 Rfe8 24. Bxd5 Bxd5 25. Raxd5 Rxd5 26. Rxd5 Nc7 27.
Rc5 Nb5 28. Nc4 f4 29. Rc6 fxe3 30. fxe3 Bxb2 31. Nxb2 Rxe3 32. Rxa6 Re2 33.
Nd1 Rc2 34. Ne3 Re2 35. Ra8+ Kg7 36. a4 Nc3 37. Ra7+ Kg8 38. Ng4 Ra2 39. Nf6+
Kf8 40. Ng5 1-0

[Event "Interclubs Adultes"]
[Site "?"]
[Date "2004.02.01"]
[Round "5.2"]
[White "Martin, Luc"]
[Black "Guedon, Stephane"]
[Result "0-1"]
[WhiteElo "2070"]
[BlackElo "2209"]
[PlyCount "38"]
[EventDate "2004.??.??"]

1. e4 e6 2. d4 d5 3. Nc3 Bb4 4. exd5 exd5 5. Nf3 Nc6 6. Bb5 Nge7 7. Ne5 O-O 8.
Nxc6 bxc6 9. Be2 Be6 10. O-O Nf5 11. Bf3 Qh4 12. g3 Qxd4 13. Qxd4 Nxd4 14. Bg2
Nxc2 15. Rb1 Bf5 16. Bd2 Rab8 17. b3 Rfe8 18. Rbc1 Ba3 19. Rcd1 Bd3 0-1

[Event "Interclubs Adultes"]
[Site "?"]
[Date "2004.02.01"]
[Round "5.3"]
[White "Lux, Gregory"]
[Black "Bazzazi, Abdelaziz"]
[Result "1-0"]
[WhiteElo "2064"]
[BlackElo "1951"]
[PlyCount "65"]
[EventDate "2004.??.??"]

1. e4 c5 2. Nc3 Nc6 3. d3 g6 4. g3 Bg7 5. Bg2 Nf6 6. Be3 d6 7. h3 Bd7 8. Qd2
Nd4 9. Nce2 Qb6 10. c3 Ne6 11. f4 Bc6 12. Nf3 a5 13. O-O O-O 14. g4 Rfc8 15.
Ng3 Qc7 16. Rae1 b5 17. f5 Nd8 18. Bh6 Bh8 19. Qg5 Ra7 20. Nh4 Be8 21. Nh5 Nxh5
22. gxh5 f6 23. fxg6 hxg6 24. hxg6 Ne6 25. Qd5 Qd7 26. Bf3 Bxg6 27. Nxg6 Kf7
28. Nf4 Rg8+ 29. Kh1 Rg3 30. Bh5+ Kg8 31. Rg1 Rxg1+ 32. Rxg1+ Kh7 33. Qf5+ 1-0

[Event "Interclubs Adultes"]
[Site "?"]
[Date "2004.02.01"]
[Round "5.4"]
[White "Rodriguez, Jean-Pierre"]
[Black "Monneret, Guy"]
[Result "0-1"]
[WhiteElo "1941"]
[BlackElo "2019"]
[PlyCount "135"]
[EventDate "2004.??.??"]

1. Nf3 Nf6 2. d4 d5 3. e3 g6 4. Bd3 Bg7 5. Nbd2 c5 6. c3 b6 7. e4 dxe4 8. Nxe4
Nbd7 9. dxc5 bxc5 10. Qa4 O-O 11. Be3 Bb7 12. Nxf6+ Bxf6 13. Be2 Qc7 14. O-O
Bc6 15. Qc4 Rab8 16. Bc1 e5 17. Rb1 e4 18. Nd2 Bb5 19. Qxe4 Rfe8 20. Qxe8+ Rxe8
21. Bxb5 Re7 22. Nf3 Qb7 23. Bxd7 Rxd7 24. Be3 Qb5 25. Nd2 Be7 26. Rfe1 Kg7 27.
Ne4 a5 28. b3 h6 29. Rb2 f5 30. Ng3 Bf6 31. Rc2 Rd3 32. Bd2 Qd7 33. Re2 Bxc3
34. Rxc3 Rxd2 35. Rxd2 Qxd2 36. Rxc5 Qxa2 37. Rb5 f4 38. Nf1 g5 39. h3 Kg6 40.
Nh2 Qa1+ 41. Nf1 Qc3 42. Nh2 Qe1+ 43. Nf1 Qc3 44. Rb8 Qc7 45. Rb5 Kf7 46. Nh2
Ke7 47. Ng4 h5 48. Nh2 Kf6 49. Nf1 Kg6 50. Nh2 Qc1+ 51. Nf1 Qe1 52. Rb8 Kf7 53.
Rb6 g4 54. hxg4 hxg4 55. Rb5 Kf6 56. g3 fxg3 57. fxg3 Ke6 58. Rb8 Kd5 59. Rg8
Kd4 60. Rb8 Kc3 61. Rb5 Kb2 62. Rb8 Qe2 63. Rb6 Kc2 64. Rb8 Kd1 65. Rc8 Qb5 66.
Ra8 Qb6+ 67. Ne3+ Qxe3+ 68. Kf1 0-1

[Event "Interclubs Adultes"]
[Site "?"]
[Date "2004.02.01"]
[Round "5.5"]
[White "Ivanov, Tsewov-Grisha"]
[Black "Paris, Thierry"]
[Result "0-1"]
[WhiteElo "2030"]
[BlackElo "1840"]
[PlyCount "142"]
[EventDate "2004.??.??"]

1. f4 d5 2. g3 g6 3. Nf3 Bg7 4. Bg2 Nf6 5. d3 c5 6. O-O O-O 7. Nc3 d4 8. Na4
Nbd7 9. c4 Rb8 10. Rb1 Qc7 11. h3 Nh5 12. Qe1 e5 13. fxe5 Nxe5 14. g4 Bd7 15.
gxh5 Bxa4 16. Bf4 Rbe8 17. Nxe5 Bxe5 18. Bh6 Bg7 19. Bxg7 Kxg7 20. Qh4 Qe7 21.
Qxe7 Rxe7 22. hxg6 hxg6 23. Rf2 b6 24. Rbf1 Bd7 25. Kh2 Re3 26. Bd5 Bf5 27. Rf3
Rxe2+ 28. Kg3 Rh8 29. h4 Rhe8 30. Be4 Bxe4 31. Rxf7+ Kg8 32. dxe4 R8xe4 33.
Rxa7 R2e3+ 34. Rf3 Rxf3+ 35. Kxf3 Re3+ 36. Kf2 Rh3 37. b3 Rxh4 38. Ra6 Rf4+ 39.
Ke2 Rf6 40. a4 Kg7 41. a5 bxa5 42. Rxa5 Rf5 43. Kd3 Kf6 44. Rb5 g5 45. b4 Rf3+
46. Ke2 Re3+ 47. Kf2 cxb4 48. Rxb4 Rc3 49. c5 Ke5 50. Rb5 Kf4 51. Ke2 g4 52.
Rb4 Ke4 53. Rb8 Rc2+ 54. Kd1 Rxc5 55. Rg8 Kf3 56. Kd2 Rf5 57. Ke1 Rf4 58. Ra8
d3 59. Ra2 g3 60. Kf1 Re4 61. Rd2 Re3 62. Rd1 g2+ 63. Kg1 Ke2 64. Ra1 d2 65.
Ra2 Kf3 66. Kh2 d1=Q 67. Rf2+ Ke4 68. Kxg2 Qg4+ 69. Kf1 Qh3+ 70. Rg2 Ra3 71.
Ke1 Qxg2 0-1

[Event "Interclubs Adultes"]
[Site "?"]
[Date "2004.02.01"]
[Round "5.6"]
[White "Dridi, Abdessalem"]
[Black "Picot, Brice"]
[Result "0-1"]
[WhiteElo "1680"]
[BlackElo "1860"]
[PlyCount "124"]
[EventDate "2004.??.??"]

1. e4 c6 2. d4 d5 3. Nc3 dxe4 4. Nxe4 Bf5 5. Ng3 Bg6 6. Nf3 e6 7. Bd3 Nf6 8.
O-O Bd6 9. Bg5 Nbd7 10. Ne4 Be7 11. Nxf6+ Bxf6 12. Bf4 O-O 13. Bxg6 hxg6 14.
Ne5 Nxe5 15. dxe5 Be7 16. Qg4 Qc7 17. Rae1 Rfd8 18. Bg5 Bxg5 19. Qxg5 Rd4 20.
c3 Rd3 21. Re3 Rad8 22. h3 R8d5 23. Rfe1 Qd8 24. Qxd8+ Rxd8 25. Rxd3 Rxd3 26.
Re2 g5 27. f3 Kh7 28. Kf2 Kg6 29. a4 b5 30. Re3 Rd2+ 31. Re2 Rd5 32. Re4 a6 33.
Ke2 a5 34. b3 Kh7 35. c4 Rc5 36. cxb5 cxb5 37. axb5 Rxb5 38. Re3 Kg8 39. Kd2
Kf8 40. Kc3 Ke7 41. Re4 Rd5 42. Kc2 Kd7 43. f4 gxf4 44. Rxf4 Ke7 45. Re4 g5 46.
Re3 Rb5 47. Kc3 Rb4 48. Re1 Rf4 49. Re3 Kd7 50. Rd3+ Kc7 51. Kd2 Kc6 52. Ke3
Rb4 53. Kd2 Rf4 54. Ke3 Rb4 55. Kd2 Rb5 56. Rf3 Rb7 57. Rd3 Rd7 58. Rxd7 Kxd7
59. Kc3 Kc6 60. Kc4 Kb6 61. b4 a4 62. b5 Ka5 0-1

[Event "Interclubs Adultes"]
[Site "?"]
[Date "2004.02.01"]
[Round "5.1"]
[White "Deville, Olivier"]
[Black "Doran, Niall"]
[Result "0-1"]
[WhiteElo "2040"]
[BlackElo "1640"]
[PlyCount "84"]
[EventDate "2004.??.??"]

1. Nf3 Nf6 2. c4 g6 3. Nc3 Bg7 4. e4 d6 5. d4 O-O 6. Be2 e5 7. O-O Nc6 8. d5
Ne7 9. b4 Ne8 10. c5 f5 11. Nd2 f4 12. Nc4 g5 13. Ba3 Ng6 14. b5 Rf7 15. cxd6
cxd6 16. Rb1 b6 17. Bb4 Bf8 18. a4 Nf6 19. g3 Bh3 20. Re1 Rc8 21. a5 f3 22. Bd3
Ng4 23. axb6 axb6 24. Na4 Rb8 25. Ne3 Nxe3 26. Rxe3 g4 27. Bf1 Ra8 28. Bxh3
gxh3 29. Rc3 Rfa7 30. Nb2 Ra2 31. Rc6 R2a7 32. Nc4 Rc7 33. Qxf3 Rf7 34. Qg4 Qf6
35. Qe2 Nf4 36. Qd1 Nd3 37. f3 Nxb4 38. Rxb4 Qxf3 39. Qxf3 Rxf3 40. Nd2 Ra1+
41. Rb1 Rxb1+ 42. Nxb1 Bh6 0-1

[Event "Interclubs Adultes"]
[Site "?"]
[Date "2004.02.01"]
[Round "5.2"]
[White "Konieczny, Johan"]
[Black "Graillon, David"]
[Result "1/2-1/2"]
[WhiteElo "1640"]
[BlackElo "1992"]
[PlyCount "80"]
[EventDate "2004.??.??"]

1. d4 d5 2. Nf3 e6 3. Bf4 f5 4. e3 c6 5. Nbd2 Nf6 6. c3 Be7 7. Be2 O-O 8. O-O
Nbd7 9. Ng5 Nb6 10. h4 Ne4 11. Ngxe4 fxe4 12. h5 Bg5 13. Bg3 Qe8 14. c4 Kh8 15.
Bg4 Nd7 16. Rc1 e5 17. cxd5 cxd5 18. Nb3 exd4 19. Nxd4 Nb6 20. Bxc8 Rxc8 21.
Qg4 Bf6 22. Rxc8 Qxc8 23. Qxc8 Rxc8 24. f3 Bxd4 25. exd4 e3 26. Re1 Re8 27. Bf4
Na4 28. b3 Nc3 29. Rxe3 Rxe3 30. Bxe3 Nxa2 31. Bd2 b6 32. f4 Kg8 33. Kf2 Kf7
34. Kf3 Ke6 35. g4 a5 36. f5+ Kf6 37. Kf4 h6 38. Kf3 Nb4 39. Bxb4 axb4 40. Kg3
Kg5 1/2-1/2

[Event "Interclubs Adultes"]
[Site "?"]
[Date "2004.02.01"]
[Round "5.4"]
[White "Carteron, Olivier"]
[Black "Bron, Philippe"]
[Result "1-0"]
[WhiteElo "1630"]
[BlackElo "1790"]
[PlyCount "81"]
[EventDate "2004.??.??"]

1. e4 c5 2. Nf3 d6 3. d4 cxd4 4. Nxd4 Nf6 5. Nc3 g6 6. f3 Bg7 7. Be3 O-O 8. Qd2
Nc6 9. O-O-O Nxd4 10. Bxd4 Be6 11. g4 Qa5 12. b3 Rfc8 13. Kb2 a6 14. h4 h5 15.
g5 Nd7 16. Bxg7 Kxg7 17. Nd5 Qxd2 18. Rxd2 Bxd5 19. exd5 b5 20. Bh3 Rc7 21. Re1
Nb6 22. f4 Raa7 23. f5 Rc5 24. Red1 Rac7 25. fxg6 fxg6 26. Be6 Rc3 27. Rf1 Nxd5
28. Bxd5 e5 29. Rf7+ Rxf7 30. Kxc3 Rf4 31. Bb7 b4+ 32. Kb2 Rxh4 33. Rxd6 Rg4
34. Rd7+ Kf8 35. Bxa6 h4 36. Rd6 Rxg5 37. Bf1 Rg3 38. Re6 h3 39. Bxh3 Rxh3 40.
Rxg6 Ke7 41. Rg4 1-0

[Event "Interclubs Adultes"]
[Site "?"]
[Date "2004.02.01"]
[Round "5.5"]
[White "Chabas, Jean-Luc"]
[Black "Royet, Damien"]
[Result "0-1"]
[WhiteElo "1580"]
[BlackElo "1499"]
[PlyCount "106"]
[EventDate "2004.??.??"]

1. e4 e5 2. Nf3 Nc6 3. Bb5 a6 4. Ba4 b5 5. Bb3 Nf6 6. O-O Nxe4 7. Re1 Nc5 8.
Nxe5 Nxe5 9. Rxe5+ Be7 10. Bxf7+ Kxf7 11. Qf3+ Bf6 12. Re1 Bb7 13. Qf5 d6 14.
d3 Re8 15. Be3 Kg8 16. Nc3 Bxc3 17. bxc3 Qf6 18. Qg4 Qg6 19. Qxg6 hxg6 20. Kf1
Rf8 21. Kg1 Bc6 22. h3 Rae8 23. a3 Rf5 24. Kh2 Rh5 25. Rac1 Rf5 26. Kg1 Rff8
27. Kh2 Ne6 28. Ra1 g5 29. Rg1 Nf4 30. Rae1 Kh7 31. h4 Kg6 32. f3 Nd5 33. Bd4
Rxe1 34. Rxe1 g4 35. Kg1 Re8 36. Kf1 Rxe1+ 37. Kxe1 Nb6 38. Kd2 gxf3 39. gxf3
Bxf3 40. Bxb6 cxb6 41. c4 bxc4 42. dxc4 Kf6 43. Kd3 Ke5 44. c3 d5 45. a4 dxc4+
46. Kxc4 Kd6 47. Kb4 Kc6 48. a5 Be2 49. h5 b5 50. Kb3 Kc5 51. Kc2 Kc4 52. Kd2
Bf3 53. Kc2 b4 0-1

[Event "Interclubs Adultes"]
[Site "?"]
[Date "2004.02.01"]
[Round "5.6"]
[White "Vaccaro, Pierre"]
[Black "Barthelemy, Jerome"]
[Result "0-1"]
[WhiteElo "1499"]
[BlackElo "1510"]
[PlyCount "146"]
[EventDate "2004.??.??"]

1. e4 c5 2. d4 cxd4 3. c3 dxc3 4. Nxc3 Nc6 5. Nf3 e6 6. Be2 Be7 7. O-O d6 8.
Be3 Nf6 9. h3 O-O 10. Nd4 Nxd4 11. Qxd4 e5 12. Qd2 a6 13. Bg5 Be6 14. Bxf6 Bxf6
15. Nd5 Bxd5 16. exd5 Rc8 17. Bd3 Qe7 18. Qe2 Bg5 19. Qe4 f5 20. Qe2 e4 21. Bb1
Rc7 22. a4 Rfc8 23. Ba2 Qe5 24. b4 Rc2 25. Qh5 Qf6 26. Qd1 Qb2 27. Qb1 Qc3 28.
Qb3 Qe5 29. b5 a5 30. b6 Bf4 31. Qb5 R8c5 32. Qd7 h6 33. Qe6+ Kf8 34. Qxe5 Bxe5
35. Bb3 Bxa1 36. Bxc2 Rxc2 37. Rxa1 Rc5 38. Rd1 Ke7 39. g4 g6 40. Kg2 Kf6 41.
f4 Rc2+ 42. Kh1 g5 43. fxg5+ hxg5 44. Rf1 f4 45. h4 e3 46. h5 Ke5 47. h6 Kf6
48. Kg1 Kg6 49. Re1 Kxh6 50. Kf1 Kg6 51. Kg1 Kf6 52. Rd1 Ke5 53. Rb1 Ke4 54.
Kf1 f3 55. Ra1 Rh2 56. Kg1 Rg2+ 57. Kh1 Rxg4 58. Kh2 Rg2+ 59. Kh1 Rd2 60. Kg1
g4 61. Rc1 g3 62. Kf1 e2+ 63. Ke1 Rd1+ 64. Rxd1 exd1=Q+ 65. Kxd1 g2 66. Kd2
g1=Q 67. Kc2 Qc5+ 68. Kd2 Qd4+ 69. Kc2 Qd3+ 70. Kb2 f2 71. Ka2 f1=Q 72. Kb2
Qf2+ 73. Kc1 Qdd2+ 0-1

[Event "Interclubs Adultes"]
[Site "?"]
[Date "2004.02.01"]
[Round "5.7"]
[White "Gidrol, Thibault"]
[Black "Martin, Julien"]
[Result "0-1"]
[WhiteElo "1440"]
[BlackElo "1270"]
[PlyCount "164"]
[EventDate "2004.??.??"]

1. e4 e5 2. Nf3 Nc6 3. d4 Nf6 4. dxe5 Nxe4 5. Bd3 Nc5 6. O-O Nxd3 7. Qxd3 d6 8.
exd6 Bxd6 9. Nc3 Bg4 10. Re1+ Be7 11. Qxd8+ Rxd8 12. Ne5 Nxe5 13. Rxe5 Be6 14.
Bf4 Bd6 15. Re4 Bxf4 16. Rxf4 O-O 17. Nb5 c6 18. Nd4 Rd6 19. Nxe6 Rxe6 20. b4
Rfe8 21. Kf1 Re4 22. Rxe4 Rxe4 23. c3 g6 24. a4 Rc4 25. Rc1 c5 26. bxc5 Rxc5
27. c4 Ra5 28. Rb1 Rxa4 29. Rxb7 Rxc4 30. Rxa7 Kg7 31. h3 h5 32. f3 Rc1+ 33.
Kf2 Rc2+ 34. Kg3 Rc3 35. h4 Kf6 36. Ra6+ Kg7 37. Rd6 Rb3 38. Kf2 Rb4 39. Ke3
Rxh4 40. g3 Rh3 41. Kf2 h4 42. gxh4 Rxh4 43. Kg3 Rc4 44. f4 Rc5 45. Kg4 Rb5 46.
Rd7 Rc5 47. Kh4 Rc6 48. Kg5 Rc5+ 49. Kg4 Rf5 50. Rd6 Rf6 51. Rd5 Rc6 52. Kg5
f6+ 53. Kg4 Kh6 54. Rd8 f5+ 55. Kh3 Rc4 56. Kg3 Rc3+ 57. Kf2 Kh5 58. Ke2 Kg4
59. Kd2 Rf3 60. Rg8 Rg3 61. Rxg6+ Kxf4 62. Rf6 Ke5 63. Rf8 Ke4 64. Kc2 f4 65.
Kd1 Rd3+ 66. Ke1 f3 67. Kf2 Rd2+ 68. Kg3 Rg2+ 69. Kh3 Ke3 70. Re8+ Kf2 71. Rd8
Ke1 72. Re8+ Re2 73. Rxe2+ Kxe2 74. Kh2 f2 75. Kg3 f1=Q 76. Kg4 Qf3+ 77. Kg5
Ke3 78. Kg6 Ke4 79. Kg7 Ke5 80. Kg8 Ke6 81. Kh8 Kf7 82. Kh7 Qh5# 0-1

[Event "Interclubs Adultes"]
[Site "?"]
[Date "2004.03.14"]
[Round "6.1"]
[White "Gabriel, Damien"]
[Black "Doran, Niall"]
[Result "1-0"]
[WhiteElo "2112"]
[BlackElo "1640"]
[PlyCount "49"]
[EventDate "2004.??.??"]

1. f4 d5 2. Nf3 Nc6 3. e3 Bg4 4. Bb5 Qd6 5. d3 e6 6. O-O O-O-O 7. b3 Qc5 8. a4
Nb8 9. d4 Qb6 10. c4 dxc4 11. bxc4 c6 12. c5 Bxc5 13. dxc5 Qxc5 14. Bd3 Bf5 15.
Ra3 Qd6 16. Ne5 Nh6 17. Qc2 f6 18. Bxf5 exf5 19. Nf3 Rhe8 20. Nd4 g6 21. Nb5
Qb4 22. Nxa7+ Kc7 23. Rb3 Qxa4 24. Rxb7+ Kd6 25. Qxa4 1-0

[Event "Interclubs Adultes"]
[Site "?"]
[Date "2004.03.14"]
[Round "6.2"]
[White "Konieczny, Johan"]
[Black "Mercier, Jean-Yves"]
[Result "0-1"]
[WhiteElo "1640"]
[BlackElo "1770"]
[PlyCount "45"]
[EventDate "2004.??.??"]

1. d4 d5 2. Nf3 c6 3. Bf4 Qb6 4. Qc1 Bf5 5. Nbd2 Nd7 6. c4 e6 7. c5 Qd8 8. e3
Ngf6 9. Be2 Be7 10. O-O Nh5 11. Bd6 Bxd6 12. cxd6 Nhf6 13. Qc3 h6 14. Ne5 O-O
15. f3 Bh7 16. Bd3 Bxd3 17. Qxd3 Qb6 18. e4 Nxe5 19. Qc3 Rac8 20. f4 Ng6 21. e5
Nd7 22. f5 exf5 23. Kh1 0-1